000 00807cab a2200229 4500
001 ABS43412
008 090401t1990 xxu||||| |||| 00| 0 eng d
035 _a(Sirsi) u41597
041 _aeng
100 _aMaitland-Walker, J.
245 _aUntying tied house agreements
260 _c1990
350 _a0
490 _aLaw Society`s Gazette
_v87(30) 29 August 1990, 17-19(3)
520 _aConsiders the impact of recent changes in EC and UK law relating to tied house agreements , with reference to the EC Block Exemption Regulation . Briefly considers proposals to bring public houses within the Landlord and Tenant Act 1954 Part II .
650 _aCOMPETITION
650 _aEUROPE
650 _aLICENSED PREMISES
690 _aPROPERTY LAW AND PRACTICE
942 _n0
948 _c04/03/1997
999 _c26703
_d26703